[Event "Titled Tue 27th May Late"]
[Site "chess.com INT"]
[Date "2025.05.27"]
[Round "1"]
[White "Puzyrevsky, Semyon"]
[Black "Marchesich, Giovanni"]
[Result "1-0"]
[WhiteTitle "FM"]
[BlackTitle "CM"]
[WhiteElo "2253"]
[BlackElo "2219"]
[WhiteFideId "24240931"]
[BlackFideId "2824790"]
[EventDate "2025.05.27"]

1. e4 d5 2. exd5 Qxd5 3. Nf3 Bg4 4. Be2 Nc6 5. O-O e5 6. h3 Bf5 7. Nc3 Qd7 8.
Bb5 Bd6 9. d4 exd4 10. Nxd4 Nge7 11. Bxc6 bxc6 12. Nxf5 Qxf5 13. Be3 O-O 14. Qe2
Nd5 15. Bd4 Rfe8 16. Qg4 Qxg4 17. hxg4 Nf4 18. Rfe1 Ne6 19. Be3 Bb4 20. Red1
Bxc3 21. bxc3 a6 22. Rab1 Rab8 23. Rb3 Kf8 24. f4 Rbd8 25. Rxd8 Rxd8 26. f5 Rd1+
27. Kf2 Nd8 28. Rb8 Ke8 29. g5 Ra1 30. Bd4 Rxa2 31. Bxg7 Rxc2+ 32. Ke1 Rc1+ 33.
Kd2 Rg1 34. Bf6 Rxg2+ 35. Kd3 Rg3+ 36. Kc4 Rg4+ 37. Kb3 1-0

[Event "Titled Tue 27th May Late"]
[Site "chess.com INT"]
[Date "2025.05.27"]
[Round "1"]
[White "Svane, Frederik"]
[Black "Ozcan, Kaan"]
[Result "1-0"]
[WhiteTitle "GM"]
[BlackTitle "FM"]
[WhiteElo "2671"]
[BlackElo "2230"]
[WhiteFideId "12923044"]
[BlackFideId "34566422"]
[EventDate "2025.05.27"]

1. e4 c6 2. d4 d5 3. exd5 cxd5 4. Nf3 Bg4 5. c3 Nc6 6. h3 Bh5 7. Qb3 Bxf3 8.
Qxb7 Rc8 9. Bb5 Qd7 10. Qxd7+ Kxd7 11. gxf3 e6 12. Nd2 Nf6 13. b4 Kd8 14. Nb3
Bd6 15. Nc5 Ke7 16. Be3 Rhd8 17. a4 Kf8 18. Nb7 Rd7 19. Nxd6 Rxd6 20. Bf4 Rdd8
21. Kd2 Ne7 22. a5 Nf5 23. Ba6 Nh5 24. Bxc8 Rxc8 25. Bh2 Ke7 26. b5 Nd6 27.
Bxd6+ Kxd6 28. Rhb1 Nf4 29. b6 axb6 30. Rxb6+ Ke7 31. Rb7+ 1-0

[Event "Titled Tue 27th May Late"]
[Site "chess.com INT"]
[Date "2025.05.27"]
[Round "1"]
[White "Amarasinghe, A A C B"]
[Black "Barria, Jose"]
[Result "0-1"]
[WhiteTitle "CM"]
[BlackTitle "FM"]
[WhiteElo "1949"]
[BlackElo "2379"]
[WhiteFideId "9901809"]
[BlackFideId "1939300"]
[EventDate "2025.05.27"]

1. d4 Nf6 2. c4 e6 3. g3 c5 4. d5 exd5 5. cxd5 d6 6. Nc3 g6 7. Bg2 Bg7 8. Nf3
O-O 9. O-O h6 10. Nd2 Nbd7 11. a4 a6 12. a5 b5 13. axb6 Nxb6 14. h3 Bd7 15. e4
Bb5 16. Re1 Nfd7 17. f4 Re8 18. Nf3 c4 19. Nd4 Nc5 20. Ndxb5 axb5 21. Rxa8 Nxa8
22. e5 dxe5 23. d6 Nd3 24. Rf1 Qxd6 25. Ne4 Qd4+ 26. Kh2 exf4 27. Rxf4 Nxf4 28.
Qxd4 Bxd4 29. Bxf4 g5 0-1

[Event "Titled Tue 27th May Late"]
[Site "chess.com INT"]
[Date "2025.05.27"]
[Round "1"]
[White "Sydoryka, Vladyslav"]
[Black "De Sousa, Antonio Micaias Silva"]
[Result "1-0"]
[WhiteTitle "FM"]
[WhiteElo "2224"]
[BlackElo "2007"]
[WhiteFideId "14145928"]
[BlackFideId "22798528"]
[EventDate "2025.05.27"]

1. c4 e6 2. g3 d5 3. Bg2 Nf6 4. Nf3 Be7 5. O-O O-O 6. b3 c5 7. Bb2 d4 8. b4 a5
9. bxc5 Nc6 10. e3 Bxc5 11. exd4 Nxd4 12. d3 Re8 13. Re1 Ra6 14. Nxd4 Bxd4 15.
Bxd4 Qxd4 16. Na3 Rd8 17. Qf3 h6 18. Nb5 Qc5 19. Rac1 e5 20. Qe3 Qxe3 21. Rxe3
Ng4 22. Re2 Rxd3 23. h3 Nf6 24. Rxe5 Rb6 25. a4 Be6 26. c5 Ra6 27. Bxb7 1-0

[Event "Titled Tue 27th May Late"]
[Site "chess.com INT"]
[Date "2025.05.27"]
[Round "1"]
[White "Terry, Renato"]
[Black "Garzon Zapatanga, Christopher Leonel"]
[Result "1-0"]
[WhiteTitle "IM"]
[BlackTitle "FM"]
[WhiteElo "2508"]
[BlackElo "2168"]
[WhiteFideId "3803457"]
[BlackFideId "3634787"]
[EventDate "2025.05.27"]

1. b3 e5 2. Bb2 Nc6 3. e3 d5 4. Bb5 Bd6 5. Nf3 Qe7 6. c4 Nf6 7. c5 Bxc5 8. Nxe5
Bd7 9. Nxd7 Qxd7 10. Bxf6 gxf6 11. O-O a6 12. Bxc6 Qxc6 13. d4 Bd6 14. Qf3 O-O-O
15. Nd2 Kb8 16. Rac1 Qb6 17. Nb1 Rhg8 18. Nc3 Qa5 19. Kh1 Rg6 20. g3 c6 21. Rc2
Bc7 22. Rb1 Qb4 23. Na4 Qe7 24. Nc5 Ka7 25. b4 Bd6 26. a4 h5 27. b5 Bxc5 28.
bxc6 Bb6 29. a5 bxc6 30. Rxb6 f5 31. Qe2 c5 32. Qxa6# 1-0

[Event "Titled Tue 27th May Late"]
[Site "chess.com INT"]
[Date "2025.05.27"]
[Round "1"]
[White "Fernandez Hernandez, Arturo A."]
[Black "Da Matta, Eduardo Cesar"]
[Result "1-0"]
[WhiteTitle "FM"]
[WhiteElo "2300"]
[BlackElo "2047"]
[WhiteFideId "3509230"]
[BlackFideId "2193108"]
[EventDate "2025.05.27"]

1. Nf3 c5 2. e3 Nc6 3. b3 d5 4. Bb5 Bd7 5. Bb2 e6 6. O-O Nf6 7. d3 Be7 8. Nbd2
O-O 9. Bxc6 Bxc6 10. Ne5 Rc8 11. f4 b6 12. Qf3 Ba8 13. Qh3 Nd7 14. Ndf3 Bf6 15.
Rae1 Rc7 16. g4 g6 17. Nxd7 Rxd7 18. Bxf6 Qxf6 19. Ne5 Rdd8 20. g5 Qg7 21. Ng4
Rfe8 22. Nf6+ Kh8 23. Nxe8 Rxe8 24. e4 dxe4 25. dxe4 Rd8 26. Rd1 Rd4 27. c3 1-0

[Event "Titled Tue 27th May Late"]
[Site "chess.com INT"]
[Date "2025.05.27"]
[Round "1"]
[White "Goltsev, Dmitry"]
[Black "Buchenau, Frank"]
[Result "1-0"]
[WhiteTitle "FM"]
[BlackTitle "FM"]
[WhiteElo "2183"]
[BlackElo "2190"]
[WhiteFideId "24176710"]
[BlackFideId "4604350"]
[EventDate "2025.05.27"]

1. e4 e6 2. d4 d5 3. exd5 exd5 4. Nf3 Bf5 5. c4 Bxb1 6. Rxb1 Bb4+ 7. Nd2 Nf6 8.
a3 Be7 9. Bd3 dxc4 10. Bxc4 Qxd4 11. Qb3 O-O 12. Qxb7 Qe5+ 13. Kf1 Nbd7 14. Nf3
Qd6 15. Be3 Nb6 16. Ba2 Ng4 17. Bd4 c5 18. Bc3 Na4 19. Qd5 Nxc3 20. bxc3 Qf4 21.
h3 Nf6 22. Qe5 Qxe5 23. Nxe5 Ne4 24. Rb7 Nxc3 25. Bc4 Bf6 26. Nxf7 Rab8 27. Nd8+
Kh8 28. Rxb8 Rxd8 29. Rxd8+ Bxd8 30. g3 1-0

[Event "Titled Tue 27th May Late"]
[Site "chess.com INT"]
[Date "2025.05.27"]
[Round "1"]
[White "Chernobay, Artem"]
[Black "Skramstad, Oda Kofoed"]
[Result "1-0"]
[WhiteTitle "GM"]
[BlackTitle "WCM"]
[WhiteElo "2454"]
[BlackElo "1898"]
[WhiteFideId "4167406"]
[BlackFideId "1564862"]
[EventDate "2025.05.27"]

1. d3 d5 2. Nf3 c5 3. e4 Nc6 4. Nc3 d4 5. Ne2 e5 6. g3 h6 7. Bg2 Bd6 8. O-O Nf6
9. Nh4 g5 10. Nf5 Bxf5 11. exf5 Qd7 12. f4 gxf4 13. gxf4 Rg8 14. Ng3 O-O-O 15.
Qf3 h5 16. Ne4 Ng4 17. fxe5 Ncxe5 18. Nxd6+ Kb8 19. Qxb7+ Qxb7 20. Nxb7 Rd7 21.
Nxc5 Re7 22. Bf4 f6 23. Rae1 Kc8 24. h3 Ne3 25. Bxe3 dxe3 26. Rxe3 Rc7 27. d4
Nc4 28. Rc3 Nd6 29. Kh1 h4 30. Ne6 Rxc3 31. bxc3 Rg3 32. Rf3 Rg8 33. c4 Kd7 34.
c5 Nb5 35. c4 Nc7 36. Ra3 1-0

[Event "Titled Tue 27th May Late"]
[Site "chess.com INT"]
[Date "2025.05.27"]
[Round "1"]
[White "Hoeffer, David"]
[Black "Tarnowska, Aleksandra"]
[Result "1-0"]
[WhiteTitle "FM"]
[BlackTitle "WCM"]
[WhiteElo "2295"]
[BlackElo "1882"]
[WhiteFideId "24606766"]
[BlackFideId "1180967"]
[EventDate "2025.05.27"]

1. Nc3 d5 2. e4 dxe4 3. Nxe4 Nc6 4. Bc4 e6 5. d3 Nf6 6. Ng3 Be7 7. Nf3 O-O 8.
O-O e5 9. a3 Bg4 10. h3 Bxf3 11. Qxf3 Nd4 12. Qd1 Bd6 13. Re1 a6 14. Nh5 Nxh5
15. Qxh5 Nxc2 16. Bg5 Qd7 17. Re4 Nxa1 18. Rh4 Qf5 19. Bd5 Qg6 20. Qg4 h6 21.
Bxh6 Qxg4 22. Rxg4 Kh7 23. Bxg7 f5 24. Rg5 Rg8 25. Bf7 Rxg7 26. Rh5# 1-0

[Event "Titled Tue 27th May Late"]
[Site "chess.com INT"]
[Date "2025.05.27"]
[Round "1"]
[White "Sharankov, Grigory"]
[Black "Tahbaz, Arash"]
[Result "0-1"]
[WhiteTitle "CM"]
[BlackTitle "IM"]
[WhiteElo "2238"]
[BlackElo "2462"]
[WhiteFideId "4168356"]
[BlackFideId "12528846"]
[EventDate "2025.05.27"]

1. c4 e5 2. Nc3 Nf6 3. Nf3 Nc6 4. e3 Bb4 5. Qc2 Bxc3 6. bxc3 O-O 7. d3 e4 8.
dxe4 d6 9. Bd3 Re8 10. O-O b6 11. Nd4 Na5 12. f3 Ba6 13. Qe2 Nd7 14. Nb3 Nc6 15.
a4 Nde5 16. Nd2 Na5 17. Ba3 c5 18. f4 Nxd3 19. Qxd3 Qe7 20. Rf3 Bb7 21. Rd1 Bxe4
22. Nxe4 Qxe4 23. Qxe4 Rxe4 24. Bc1 Nxc4 25. g4 Rae8 26. Kf2 f6 27. h4 Kf7 28.
Bd2 Nb2 29. Ra1 Rxa4 30. Rxa4 Nxa4 0-1

[Event "Titled Tue 27th May Late"]
[Site "chess.com INT"]
[Date "2025.05.27"]
[Round "1"]
[White "Topuz, Mirac Melih"]
[Black "Shehzad, Shazil"]
[Result "0-1"]
[WhiteTitle "CM"]
[BlackTitle "FM"]
[WhiteElo "2130"]
[BlackElo "2354"]
[WhiteFideId "26364611"]
[BlackFideId "1521942"]
[EventDate "2025.05.27"]

1. d4 Nf6 2. c4 e6 3. Nc3 Bb4 4. e3 O-O 5. Nf3 c5 6. Be2 cxd4 7. exd4 d5 8. O-O
dxc4 9. Bxc4 Nc6 10. a3 Be7 11. Re1 b6 12. Qd3 Bb7 13. Bg5 h6 14. Bh4 Nh5 15.
Bxe7 Nxe7 16. Ne5 Nf4 17. Qg3 Nxg2 18. Red1 Nf5 19. Qg4 Ngh4 20. d5 Qf6 21. f4
Ne3 22. Qg3 Nhf5 23. Qf2 Nxd1 24. Rxd1 Rad8 25. dxe6 fxe6 0-1

[Event "Titled Tue 27th May Late"]
[Site "chess.com INT"]
[Date "2025.05.27"]
[Round "1"]
[White "Hiwale, Ronak"]
[Black "Kukhmazov, Arsen"]
[Result "0-1"]
[BlackTitle "IM"]
[WhiteElo "2105"]
[BlackElo "2467"]
[WhiteFideId "30975336"]
[BlackFideId "24108260"]
[EventDate "2025.05.27"]

1. Nf3 e6 2. g3 b6 3. Bg2 Bb7 4. O-O f5 5. Ne1 Bxg2 6. Nxg2 Nf6 7. d3 Be7 8. Nc3
O-O 9. e4 fxe4 10. dxe4 Nc6 11. Be3 d5 12. exd5 exd5 13. Ne2 Ne5 14. Nd4 Qd7 15.
Nf4 Bd6 16. Nf3 c6 17. Nxe5 Bxe5 18. c3 Rae8 19. Qd2 Ne4 20. Qc2 Bxf4 21. Bxf4
Rxf4 22. gxf4 Qg4+ 23. Kh1 Qf3+ 24. Kg1 Re6 25. Rfe1 Rg6+ 26. Kf1 Rg2 27. Rxe4
dxe4 28. Re1 Rxh2 29. Qb3+ Kh8 0-1

[Event "Titled Tue 27th May Late"]
[Site "chess.com INT"]
[Date "2025.05.27"]
[Round "1"]
[White "Demchenko, Anton"]
[Black "Krzywda, Andrzej"]
[Result "1-0"]
[WhiteTitle "GM"]
[BlackTitle "CM"]
[WhiteElo "2619"]
[BlackElo "2175"]
[WhiteFideId "4160258"]
[BlackFideId "1114565"]
[EventDate "2025.05.27"]

1. e4 e5 2. Nf3 Nf6 3. Nxe5 d6 4. Nf3 Nxe4 5. Nc3 Nxc3 6. dxc3 Be7 7. Bf4 Nd7 8.
Qd2 Nc5 9. O-O-O O-O 10. h4 Re8 11. Ng5 h6 12. Bc4 hxg5 13. hxg5 Be6 14. Bd3
Nxd3+ 15. Qxd3 g6 16. Qd4 f6 17. Rh6 Bf7 18. Rdh1 Kf8 19. Rh8+ Bg8 20. Qd5 Kg7
21. gxf6+ Bxf6 22. Rxg8+ Rxg8 23. Bh6+ Kh8 24. Bf8+ Bh4 25. Qd4+ Kh7 26. Rxh4+
Qxh4 27. Qxh4# 1-0

[Event "Titled Tue 27th May Late"]
[Site "chess.com INT"]
[Date "2025.05.27"]
[Round "1"]
[White "Steinberg, Nitzan"]
[Black "Bian, Alex"]
[Result "1-0"]
[WhiteTitle "GM"]
[BlackTitle "FM"]
[WhiteElo "2554"]
[BlackElo "2342"]
[WhiteFideId "2801795"]
[BlackFideId "2056372"]
[EventDate "2025.05.27"]

1. d4 Nf6 2. Nf3 e6 3. c4 c5 4. Nc3 a6 5. e4 cxd4 6. Nxd4 Qc7 7. Be2 Nc6 8. O-O
Be7 9. Be3 O-O 10. Rc1 Nxd4 11. Qxd4 d6 12. Rfd1 Bd7 13. h3 Bc6 14. Nd5 Qd8 15.
Nxe7+ Qxe7 16. f3 Rfd8 17. b3 Rac8 18. Rd2 e5 19. Qb2 Nh5 20. Rcd1 Ng3 21. Bd3
Bd7 22. Bb1 Be6 23. Qa3 Rc6 24. c5 Qh4 25. cxd6 Qh5 26. d7 Bxh3 27. Qe7 Ne2+ 28.
Rxe2 1-0

[Event "Titled Tue 27th May Late"]
[Site "chess.com INT"]
[Date "2025.05.27"]
[Round "1"]
[White "Silva, Pedro Gil Ferreira Da"]
[Black "Bluebaum, Matthias"]
[Result "0-1"]
[WhiteTitle "FM"]
[BlackTitle "GM"]
[WhiteElo "2262"]
[BlackElo "2660"]
[WhiteFideId "1946102"]
[BlackFideId "24651516"]
[EventDate "2025.05.27"]

1. e4 e6 2. d4 d5 3. Nc3 Nf6 4. e5 Nfd7 5. f4 c5 6. Nf3 Nc6 7. Be3 Rb8 8. Be2
cxd4 9. Nxd4 Bc5 10. Qd2 O-O 11. O-O a6 12. Kh1 Nxd4 13. Bxd4 b5 14. a3 Bxd4 15.
Qxd4 Qb6 16. Qd2 Bb7 17. Bd3 f5 18. Ne2 d4 19. Ng1 Nc5 20. Nf3 Rbd8 21. Be2 Ne4
22. Qe1 h6 23. Rd1 Rd7 24. Nd2 Rfd8 25. Bf3 Nc5 26. Bxb7 Qxb7 27. Rf3 d3 28. c3
a5 29. Rg3 Kh7 30. Nf3 Ne4 31. Rh3 Qb6 0-1

[Event "Titled Tue 27th May Late"]
[Site "chess.com INT"]
[Date "2025.05.27"]
[Round "1"]
[White "Jing, Andrew"]
[Black "Gasparyan, Erik R."]
[Result "0-1"]
[WhiteTitle "FM"]
[BlackTitle "IM"]
[WhiteElo "2254"]
[BlackElo "2372"]
[WhiteFideId "30984076"]
[BlackFideId "13315730"]
[EventDate "2025.05.27"]

1. e4 c6 2. d4 d5 3. e5 Bf5 4. h4 h5 5. Bd3 Bxd3 6. Qxd3 Qa5+ 7. Bd2 Qa6 8. Qxa6
Nxa6 9. c3 e6 10. Nf3 Ne7 11. O-O Nf5 12. Bg5 Rc8 13. Nbd2 Kd7 14. Rac1 c5 15.
a3 Be7 16. Bxe7 Kxe7 17. g3 Rc7 18. Kg2 Rhc8 19. Nb3 b6 20. Rfd1 Nb8 21. Kf1 Kd7
22. Ke2 cxd4 23. Nfxd4 Ne7 24. f4 Nbc6 25. Ke3 g6 26. Nxc6 Rxc6 27. Nd4 Rc4 28.
Kd3 Nf5 29. Nxf5 gxf5 30. b3 Re4 31. Re1 Rg8 32. Rg1 b5 33. Rcf1 Kc6 34. Rf2 a5
35. Re2 Rxf4 36. gxf4 Rxg1 37. b4 axb4 38. axb4 Rg4 39. Rf2 Rxh4 40. Ke3 Rh3+
41. Kd4 Kb6 42. Rg2 Rf3 43. Rg7 Rxf4+ 44. Ke3 Re4+ 45. Kd3 Rxe5 46. Rxf7 Re4 47.
Rh7 h4 48. Rh6 Kc6 49. Kd2 Kd6 50. Rh8 Rg4 51. Rb8 h3 52. Rh8 Rg3 53. Kc2 f4 54.
Kd2 Ke5 55. Rh4 Ke4 56. c4 dxc4 57. Kc2 e5 58. Kb2 Kf3 59. Ka3 Kg2+ 60. Ka2 h2
61. Rh8 h1=Q 62. Rd8 Qh2 63. Ka1 Rf3 64. Rd2+ Rf2 65. Rd1 Rf1 66. Kb2 Rxd1 67.
Kc3 Rd3+ 0-1

[Event "Titled Tue 27th May Late"]
[Site "chess.com INT"]
[Date "2025.05.27"]
[Round "1"]
[White "Khodko, Yurii N."]
[Black "Hiermann, Dietmar"]
[Result "1-0"]
[WhiteTitle "FM"]
[BlackTitle "FM"]
[WhiteElo "2268"]
[BlackElo "2216"]
[WhiteFideId "24264717"]
[BlackFideId "1602918"]
[EventDate "2025.05.27"]

1. e4 c5 2. Nf3 d6 3. d4 cxd4 4. Qxd4 e5 5. Bb5+ Nd7 6. Qd3 Nf6 7. Nc3 Be7 8.
Bg5 O-O 9. Bxd7 Nxd7 10. Bxe7 Qxe7 11. Nd5 Qd8 12. O-O Nc5 13. Qc4 a5 14. a4 b6
15. Rfe1 Ba6 16. Qc3 Bb7 17. Qd2 Rc8 18. b3 Kh8 19. Rad1 f5 20. exf5 Rxf5 21.
Qe3 Rf7 22. Ng5 Rd7 23. Ne4 Nxe4 24. Qxe4 Rc5 25. c4 Bxd5 26. Rxd5 Rxd5 27. Qxd5
h6 28. h3 Qf6 29. Qa8+ Kh7 30. Qe4+ Qg6 31. Qe3 d5 32. Qxe5 dxc4 33. bxc4 Rd2
34. c5 bxc5 35. Qxc5 Qf6 36. Rf1 Qd4 37. Qxa5 Ra2 38. Qf5+ Kg8 39. Qe6+ 1-0

[Event "Titled Tue 27th May Late"]
[Site "chess.com INT"]
[Date "2025.05.27"]
[Round "1"]
[White "Haydon, David L"]
[Black "Andrade, Ivan"]
[Result "1-0"]
[WhiteTitle "FM"]
[BlackTitle "FM"]
[WhiteElo "2275"]
[BlackElo "2161"]
[WhiteFideId "415405"]
[BlackFideId "14800039"]
[EventDate "2025.05.27"]

1. e4 c5 2. Nf3 d6 3. Bb5+ Nd7 4. O-O a6 5. Bc4 e6 6. Re1 b5 7. Bf1 Bb7 8. a4 b4
9. d4 Ngf6 10. Nbd2 Be7 11. e5 dxe5 12. dxe5 Nd5 13. Nc4 N7b6 14. Na5 Qc7 15.
Nxb7 Qxb7 16. a5 Nd7 17. Bc4 O-O 18. Qd3 Rfd8 19. Bg5 Nf8 20. Bd2 Nc3 21. Qe3
Nb5 22. c3 Rac8 23. Qe2 Ng6 24. g3 Rb8 25. cxb4 cxb4 26. Be3 Rdc8 27. Bb6 Bc5
28. Bxb5 axb5 29. Bxc5 Rxc5 30. Rac1 Qc6 31. Rxc5 Qxc5 32. Rd1 h6 33. Qe4 b3 34.
a6 Qa7 35. Qc6 Nf8 36. Ra1 Rb6 37. Qxb6 Qxb6 38. a7 Qb7 39. a8=Q 1-0

[Event "Titled Tue 27th May Late"]
[Site "chess.com INT"]
[Date "2025.05.27"]
[Round "1"]
[White "Modric, Nesa"]
[Black "Navoyan, Gagik"]
[Result "0-1"]
[WhiteTitle "CM"]
[BlackTitle "CM"]
[WhiteElo "2088"]
[BlackElo "2186"]
[WhiteFideId "922579"]
[BlackFideId "13314866"]
[EventDate "2025.05.27"]

1. d4 Nf6 2. Bg5 e6 3. Nf3 Be7 4. Nbd2 d5 5. e3 O-O 6. Bd3 c5 7. c3 Nc6 8. O-O
h6 9. Bh4 b6 10. Ne5 Bb7 11. f4 Nxe5 12. fxe5 Ne4 13. Bxe7 Qxe7 14. Bxe4 dxe4
15. Qg4 Qg5 16. Qxg5 hxg5 17. Rac1 f5 18. exf6 gxf6 19. Nb3 Rac8 20. dxc5 bxc5
21. Rcd1 Ba6 22. Rf2 Bd3 23. Nc1 c4 24. b4 f5 25. g3 Kg7 26. a3 e5 27. Kg2 Kg6
28. Kg1 f4 29. gxf4 exf4 30. exf4 gxf4 31. Rg2+ Kf5 32. Ne2 Rg8 33. Nd4+ Ke5 34.
Rxg8 Rxg8+ 35. Kf2 f3 36. Nxf3+ exf3 37. Kxf3 Rh8 38. Rd2 Rh3+ 39. Kg4 Bf5+ 40.
Kg5 Rxc3 41. Re2+ Be4 42. h4 Rg3+ 43. Kh6 c3 44. Re1 c2 45. h5 Rb3 46. Kg7 Rb1 0-1

[Event "Titled Tue 27th May Late"]
[Site "chess.com INT"]
[Date "2025.05.27"]
[Round "1"]
[White "Koellner, Ruben Gideon"]
[Black "Nayak, Rajesh"]
[Result "1-0"]
[WhiteTitle "IM"]
[BlackTitle "FM"]
[WhiteElo "2503"]
[BlackElo "2286"]
[WhiteFideId "12993093"]
[BlackFideId "35017152"]
[EventDate "2025.05.27"]

1. d4 Nf6 2. Nf3 g6 3. Nbd2 d5 4. e3 Bg7 5. b4 O-O 6. c4 a5 7. b5 c5 8. dxc5
Nfd7 9. Ba3 Bxa1 10. Qxa1 dxc4 11. Bxc4 Nf6 12. O-O Bf5 13. Nd4 Bc8 14. N2f3
Nbd7 15. Rd1 Qc7 16. b6 Qb8 17. Nb5 Ne4 18. Nc7 Ndxc5 19. Nxa8 Qxa8 20. Qe5 Na4
21. Qxe4 Nc3 22. Qd4 Nxd1 23. Qxd1 Bg4 24. h3 Bxf3 25. Qxf3 Qd8 26. Qxb7 Qd1+
27. Kh2 Qc2 28. Qxe7 1-0

[Event "Titled Tue 27th May Late"]
[Site "chess.com INT"]
[Date "2025.05.27"]
[Round "1"]
[White "Rustemov, Alexander"]
[Black "Hasman, Cengiz"]
[Result "1/2-1/2"]
[WhiteTitle "GM"]
[WhiteElo "2525"]
[BlackElo "2079"]
[WhiteFideId "4119002"]
[BlackFideId "413364"]
[EventDate "2025.05.27"]

1. d4 d6 2. e4 Nf6 3. f3 Nbd7 4. Ne2 e5 5. c4 c6 6. Nbc3 Be7 7. Be3 O-O 8. Qd2
a6 9. d5 cxd5 10. cxd5 b5 11. Ng3 Nc5 12. b4 Na4 13. Nxa4 bxa4 14. Bd3 Bd7 15.
O-O g6 16. Qe2 Qb8 17. Rab1 Bb5 18. Rfc1 Rc8 19. Rxc8+ Qxc8 20. Bxb5 axb5 21.
Rc1 Qb7 22. Rc6 h5 23. Nf1 Rc8 24. Qc2 Rxc6 25. Qxc6 Qxc6 26. dxc6 Bd8 27. Nd2
d5 28. Nb1 dxe4 29. Nc3 exf3 30. gxf3 Ne8 31. Nxb5 f5 32. Bc5 Kf7 33. Nd6+ Nxd6
34. Bxd6 Bb6+ 35. Kf1 Ke6 36. c7 Kd7 37. Bxe5 a3 38. Ke2 Bg1 39. h3 g5 40. Bf6
g4 41. fxg4 fxg4 42. hxg4 hxg4 43. Be5 Bb6 44. Bf4 Bxc7 45. Bc1 Kc6 46. Bxa3 Kb5
47. Kf2 Bd6 48. Kg2 Ka4 49. Bb2 Kxb4 50. Bc1 Ka4 51. Kf2 Kb4 52. Ke3 g3 53. Kf3
Ka4 54. Kg2 Kb4 55. Bb2 Ka4 56. Kh3 Kb4 57. Bc1 Ka4 58. Kg2 Kb4 59. Kf3 Ka4 60.
Bd2 Ka3 61. Be1 Kxa2 62. Bxg3 1/2-1/2

[Event "Titled Tue 27th May Late"]
[Site "chess.com INT"]
[Date "2025.05.27"]
[Round "1"]
[White "Aronian, Levon"]
[Black "Mordechai, Hanan"]
[Result "1-0"]
[WhiteTitle "GM"]
[BlackTitle "FM"]
[WhiteElo "2747"]
[BlackElo "2322"]
[WhiteFideId "13300474"]
[BlackFideId "2804166"]
[EventDate "2025.05.27"]

1. d4 Nf6 2. Nf3 e6 3. e3 b6 4. Bd3 Bb7 5. O-O c5 6. c4 d5 7. cxd5 exd5 8. b3
Be7 9. Bb2 O-O 10. Nbd2 Nbd7 11. Rc1 Rc8 12. Bf5 g6 13. Bh3 Rc7 14. Re1 Ne4 15.
Nxe4 dxe4 16. Nd2 Bf6 17. Nc4 Qe7 18. d5 Bxb2 19. d6 Qf6 20. dxc7 Bxc1 21. Qxd7
Bc8 22. Qd6 Qc3 23. Rd1 f5 24. g3 Bb2 25. Nxb2 Qxb2 26. Bf1 Qg7 27. Bc4+ Kh8 28.
Qc6 Qe7 29. h4 Kg7 30. a4 Rf6 31. Qd5 Qxc7 32. Qg8+ Kh6 33. Rd8 Bb7 34. Qh8 Kh5
35. Qxf6 1-0

[Event "Titled Tue 27th May Late"]
[Site "chess.com INT"]
[Date "2025.05.27"]
[Round "1"]
[White "Naroditsky, Daniel"]
[Black "Jahnz, Laurin"]
[Result "1-0"]
[WhiteTitle "GM"]
[BlackTitle "CM"]
[WhiteElo "2619"]
[BlackElo "2233"]
[WhiteFideId "2026961"]
[BlackFideId "16261089"]
[EventDate "2025.05.27"]

1. e4 c6 2. d3 d5 3. Nd2 dxe4 4. dxe4 Nd7 5. Ngf3 g6 6. Bc4 Bg7 7. O-O e5 8. b3
Ne7 9. a4 O-O 10. Ba3 a5 11. Qe2 h6 12. Rad1 Re8 13. Bxf7+ Kxf7 14. Qc4+ Kf8 15.
Nh4 c5 16. f4 Bf6 17. fxe5 Nxe5 18. Qxc5 Kg7 19. Rxf6 Kxf6 20. Rf1+ Nf5 21. exf5
Bxf5 22. Ne4+ Kg7 23. Nxf5+ gxf5 24. Nd6 Re6 25. Bb2 Rxd6 26. Bxe5+ Rf6 27. Rxf5
Ra6 28. Bxf6+ Rxf6 29. Qc3 Qb6+ 30. Kh1 1-0

[Event "Titled Tue 27th May Late"]
[Site "chess.com INT"]
[Date "2025.05.27"]
[Round "1"]
[White "Khalafova, Narmin"]
[Black "Mahdavi, Reza"]
[Result "0-1"]
[WhiteTitle "WGM"]
[BlackTitle "IM"]
[WhiteElo "2248"]
[BlackElo "2445"]
[WhiteFideId "13402625"]
[BlackFideId "12595926"]
[EventDate "2025.05.27"]

1. e4 g6 2. d4 Bg7 3. Nc3 c6 4. h4 h5 5. Be3 d5 6. e5 Nh6 7. f3 Nf5 8. Bf2 c5 9.
Bb5+ Nc6 10. Nge2 Bd7 11. Bxc6 Bxc6 12. f4 f6 13. exf6 Bxf6 14. Qd2 b5 15. O-O-O
b4 16. Nb1 Nd6 17. Ng3 Nc4 18. Qe1 Qa5 19. a3 Qc7 20. axb4 Qxf4+ 21. Nd2 cxd4
22. Kb1 Nxb2 23. Kxb2 d3+ 24. Kb3 a5 25. Bc5 Ba4+ 26. Kxa4 axb4+ 27. Kb5 Qb8+
28. Bb6 Qc8 29. Kxb4 Qc6 30. Qf2 Qa4+ 31. Kc5 Rc8+ 32. Kxd5 Qc6# 0-1

[Event "Titled Tue 27th May Late"]
[Site "chess.com INT"]
[Date "2025.05.27"]
[Round "1"]
[White "Gergacz, Attila"]
[Black "Akkara, Omer"]
[Result "0-1"]
[WhiteTitle "IM"]
[BlackTitle "CM"]
[WhiteElo "2383"]
[BlackElo "2036"]
[WhiteFideId "730157"]
[BlackFideId "26319802"]
[EventDate "2025.05.27"]

1. e4 d5 2. exd5 Nf6 3. Nc3 Nxd5 4. Bc4 Nxc3 5. Qf3 e6 6. dxc3 Be7 7. Be3 O-O 8.
Nh3 Nc6 9. Rd1 Qe8 10. Bf4 e5 11. Bg3 Bxh3 12. gxh3 Bd6 13. O-O Qe7 14. Bd5 Rab8
15. Rfe1 Kh8 16. Qg2 f5 17. f4 e4 18. b4 Qf6 19. Re3 a5 20. a3 Ne7 21. Bb3 c5
22. b5 c4 23. Bxc4 Bc5 24. Qf2 Rfd8 25. Rde1 Bxe3 26. Qxe3 Rbc8 27. Bb3 Rxc3 28.
Qf2 Rf3 29. Qc5 Ng6 30. b6 h5 31. Qc7 h4 32. Bf2 Nxf4 33. Be3 Qg5+ 34. Kh1 Qg2# 0-1